000 01468nam a2200433 i 4500
001 22968
003 KOSZ 005
005 20240405063032.0
008 180329s1985 pl g f 001 0 pol
015 _aPB 1985/4458
020 _a8306012917
040 _aWA N
_cWA N
_dKOSZ 005/RW
_dKOSZ 005/HR
080 _a94(438).078/.081
080 _a355(093)
080 _a929(438)"19"
100 1 _aPiłsudski, Józef
_d(1867-1935)
_eAutor
245 1 0 _aO państwie i armii.
_nT. 1,
_pWybór pism /
_cJózef Piłsudski ; wybrał i opracował Jan Borkowski.
260 _aWarszawa :
_bPaństwowy Instytut Wydawniczy,
_c1985.
300 _a343 strony ;
_c21 cm.
336 _aTekst
_btxt
_2rdacontent
337 _aBez urządzenia pośredniczącego
_bn
_2rdamedia
338 _aWolumin
_bnc
_2rdacarrier
380 _aKsiążki
380 _aPublikacje naukowe
388 _a1901-2000
504 _aIndeksy.
600 1 4 _aPiłsudski, Józef
_d(1867-1935)
658 _aHistoria
658 _aBezpieczeństwo i wojskowość
648 4 _a1901-2000
651 4 _aPolska
650 4 _aPolityka
655 4 _aWydawnictwo źródłowe
650 4 _aWojsko
700 1 _aBorkowski, Jan
_d(1925- ).
_eOpracowanie
710 2 _aPaństwowy Instytut Wydawniczy
_4pbl.
856 _uhttp://koha.tu.koszalin.pl/cgi-bin/koha/opac-detail.pl?biblionumber=22968
_yKatalog online BPK
942 _2UKD
_cKS
999 _c22968
_d22968